000 00978nam a2200253 4500
003 OSt
005 20221027121958.0
008 220506s2017 ck ||||gr|||| 00| 0 spa d
020 _a9589728847
040 _aCO-JMCR
_cCO-JMCR
041 0 _aspa
082 0 4 _a152.4 /
_bD946m
_223
100 1 _aDuque Linares, Jorge,
_eautor
_942072
245 1 0 _aManeje sus emociones /
_cJorge Duque Linares
250 _aDécima segunda edición
260 _aBogotá :
_bPanamericana,
_c2017
300 _a247 páginas ;
_c20 cm
490 0 _aActitud positiva ;
_v8
520 3 _aDe sus emociones hacia los hechos que se le van presentando en la vida, depende que tan lejos usted puede llegar. En este libro encontrará los pasos para mantener una felicidad eterna y permanente, aprendiendo a liberarse de toda presión que lleva a sus espaldas y no le permite progresar.
650 1 4 _aSuperación
_9140
650 2 4 _aFelicidad
_9413
650 2 4 _aTriunfar
_942441
942 _2ddc
_cBK
999 _c29218
_d15872